000 00691nam a2200253Ia 4500
003 OSt
005 20220925232815.0
006 a|||||r|||| 00| 0
007 ta
008 220923b |||||||| |||| 00| 0 eng d
020 _a0471168513
037 _cGeneral Book
040 _aRTL
_cRTL
_beng
041 _2eng
_aeng
082 _aB28, L1
100 _aConover W J
_9297758
245 0 _aPractical nonparametric statistics
260 _aNew York
_bJohn Wiely
_c1971
300 _ax,462p.
_ccm.
500 _aBibliography P 428-449; Appendixes p 365-427
650 _aStatistics
_935791
942 _hB28, L1
_cGB
_2CC
999 _c592163
_d592163